| 000 | 00590nam a22001815i 4500 | ||
|---|---|---|---|
| 001 | 159872 | ||
| 003 | ES-MaACL | ||
| 005 | 20230906211840.0 | ||
| 008 | 950206s1875 sp |||| | spa d | ||
| 040 |
_aAS _bspa _cCCPB | PA2 |
||
| 100 | 1 |
_aMoleschott, Jacques. _9130019 |
|
| 245 | 1 | 0 |
_aDe la alimentación y del régimen / _cpor Jacobo Moleschott. |
| 260 |
_aMadrid : _b[s.n.], _c[s.a.] ( _fEstablecimiento tipográfico de El Globo) |
||
| 300 |
_a269 p. ; _c17 cm. |
||
| 596 | _aFecha tomada de cub.: 1875. | ||
| 752 |
_aEspaña - _dMadrid |
||
| 852 |
_aES-MaACL _jD-1579 _z-- Enc. hol. |
||
| 999 |
_c159872 _d159872 |
||